Rodová rovnosť, rovnosť príležitostí, antidiskriminácia
Rodová rovnosť - rovnoprávnosť mužov a žien. Princíp rovnakého zaobchádzania, dodržiavanie zásad. Rovnosť príležitosti žien a mužov ako súčasť koncepcie rovnosti. Rodové rozdiely v pracovnom a verejnom živote. Situácia žien a mužov v EÚ.
Saved in:
| Main Author: | |
|---|---|
| Format: | Book Chapter |
| Language: | Slovak |
| Subjects: | |
| Tags: |
No Tags, Be the first to tag this record!
|
MARC
| LEADER | 00000naa$a2200000$$$4500 | ||
|---|---|---|---|
| 001 | 0113039 | ||
| 005 | 20231120112728.7 | ||
| 041 | 0 | |a slo | |
| 044 | |a SK | ||
| 245 | 1 | 0 | |a Rodová rovnosť, rovnosť príležitostí, antidiskriminácia |c Katarína Slaninková |
| 520 | |a Rodová rovnosť - rovnoprávnosť mužov a žien. Princíp rovnakého zaobchádzania, dodržiavanie zásad. Rovnosť príležitosti žien a mužov ako súčasť koncepcie rovnosti. Rodové rozdiely v pracovnom a verejnom živote. Situácia žien a mužov v EÚ. | ||
| 610 | 2 | 0 | |a vzťahy genderové |
| 610 | 2 | 0 | |a nerovnosť rodová |
| 610 | 2 | 0 | |a muži |
| 610 | 2 | 0 | |a ženy |
| 610 | 2 | 0 | |a diskriminácia |
| 100 | 1 | |a Slaninková, Katarína | |